Top 30 Ballon d'or 2017 - Statistiques

Statistiques générales
  • Ce quiz a été pris 165 fois
  • Le résultat moyen est 22 sur 30
Statistiques - réponses
Classement Nationalité Réponse % Correct
1 Cristiano Ronaldo
100%
2 Lionel Messi
100%
3 Neymar
99%
5 Luka Modric
97%
9 Robert Lewandowski
92%
7 Kylian Mbappé
91%
18 Antoine Griezmann
90%
13 Luis Suarez
90%
11 Edinson Cavani
88%
25 Karim Benzema
88%
14 Kevin De Bruyne
88%
4 Gianluigi Buffon
87%
19 Eden Hazard
85%
10 Harry Kane
84%
23 Sadio Mané
81%
21 Pierre-Emerick Aubameyang
80%
6 Sergio Ramos
80%
26 Jan Oblak
71%
8 N'Golo Kanté
71%
28 Edin Dzeko
70%
17 Toni Kroos
68%
16 Marcelo
62%
24 Radamel Falcao
61%
15 Paulo Dybala
54%
12 Isco
51%
22 Leonardo Bonucci
51%
29 Philippe Coutinho
33%
27 Mats Hummels
31%
30 Dries Mertens
27%
20 David De Gea
18%
Aucun quiz correspondant
Distribution des résultats
% des personnes avec chaque résultat
Percentile par nombre de réponses
Votre historique - résultats
Vous n’avez pas pris ce quiz